| 000 | 00679cam a2200193 i 4500 | ||
|---|---|---|---|
| 005 | 20260107120445.0 | ||
| 008 | 250721s1990 le gr 000 0 ara d | ||
| 082 | 1 | 4 |
_a219.9 _bخ ط ا |
| 100 | 1 |
_aشيت، محمود _eمؤلف. |
|
| 245 | 1 | 0 |
_aسفراء النبي : _bالعلاء بن الحضرمي معاذ بن جبل / _cاللواء الركن محمود شيت خطاب. |
| 250 | _aالطبعة العاشرة. | ||
| 264 | 3 | 1 |
_aبيروت : _bدار قتيبة، _c1990. |
| 300 | _a173 صفحة. | ||
| 650 | 1 | 7 | _aالسيرة النبوية. |
| 650 | 1 | 7 | _aرسائل النبي. |
| 650 | 1 | 7 | _aالسفراء. |
| 942 |
_2ddc _cBK |
||
| 999 |
_c48730 _d48730 |
||